| 000 | 01606nam a2200373 a 4500 | ||
|---|---|---|---|
| 001 | 0000336 | ||
| 003 | DO-SdBNP | ||
| 005 | 20180312094620.0 | ||
| 007 | 0000336 | ||
| 008 | 091125s2012 dr a 000 0 spa d | ||
| 020 | _a9789945117349 | ||
| 040 |
_aBPMSU _bspa _cBPMSU |
||
| 092 |
_a 372.832 _b C352c 5to. 2012 |
||
| 100 | 1 | _aCastillo, Abel | |
| 245 | 1 | 0 |
_aCívica 5 : _beducación básica / _cAbel Castillo, Fanny Capellán Almonte ; dirección editorial Obdulia García de Escobar ; ilustración Ruddy Núñez. |
| 260 |
_aSanto Domingo : _bSantillana, _c2012 |
||
| 300 |
_a63 p. : _bil. ; _c28 cm. |
||
| 490 | 1 | _aInnova | |
| 500 | _aEste libro ha sido realizado de conformidad con el currículum vigente y ha sido sometido a la aprobación del MINERD [Ministerio de Educación de República Dominicana] | ||
| 505 | 0 |
_tTenemos deberes --
_tOrganizaciones sociales -- _tLa igualdad y la libertad -- _tNuestros derechos -- _tLa Nación y el Estado -- _t |
|
| 650 | 4 |
_aCÍVICA _xENSEÑANZA BÁSICA |
|
| 650 | 4 |
_aCÍVICA _xEDUCACIÓN PRIMARIA |
|
| 650 | 4 |
_aEDUCACIÓN PRIMARIA _zREPÚBLICA DOMINICANA |
|
| 650 | 4 |
_aCÍVICA _xLIBROS DE TEXTOS |
|
| 650 | 4 |
_aCÍVICA _xESTUDIOS Y EJERCICIOS |
|
| 700 | 1 | 2 | _aCastillo Almonte, Fanny |
| 700 | 1 | 2 |
_aGarcía Escobar, Obdulia de, _eed. |
| 700 | 1 | 2 |
_aNúñez, Ruddy _eil. |
| 830 | 0 | _aInnova | |
| 910 | _a Validado. Control de calidad MFF | ||
| 942 |
_2ddc _cBK |
||
| 945 | _aRemanejada para la BNPHU 2018 / BT | ||
| 956 |
_aVMATEO _b10 _220160512 _3BPMSU _60069 |
||
| 999 |
_c10113 _d10113 |
||